Glossaire de pédologie : Description des horizons en vue du traitement informatique. (Record no. 24459)

MARC details
000 -LEADER
fixed length control field 00542 a2200205 4500
130 ## - VEDETTE PRINCIPALE - TITRE UNIFORME
Language of a work Fr.
260 ## - PUBLICATION, DISTRIBUTION, ETC. (IMPRINT)
Place of publication, distribution, etc Paris
260 ## - PUBLICATION, DISTRIBUTION, ETC. (IMPRINT)
Name of publisher, distributor, etc ORSTOM.
245 ## - TITLE STATEMENT
Title Glossaire de pédologie : Description des horizons en vue du traitement informatique.
260 ## - PUBLICATION, DISTRIBUTION, ETC. (IMPRINT)
Date of publication, distribution, etc 1969
300 ## - PHYSICAL DESCRIPTION
Extent 82p.
440 ## - SERIES STATEMENT/ADDED ENTRY--TITLE
Number of part/section of a work 13
440 ## - SERIES STATEMENT/ADDED ENTRY--TITLE
Title Initiation Documentations Techniques.
650 ## - SUBJECT ADDED ENTRY--TOPICAL TERM
Topical term or geographic name as entry element GLOSSAIRE
650 ## - SUBJECT ADDED ENTRY--TOPICAL TERM
Topical term or geographic name as entry element PEDOLOGIE
690 ## - LOCAL SUBJECT ADDED ENTRY--TOPICAL TERM (OCLC, RLIN)
Topical term or geographic name as entry element PEDOLOGIE.
710 ## - ADDED ENTRY--CORPORATE NAME
Corporate name or jurisdiction name as entry element Office de la Recherche Scientifique et Technique Outre-Mer (ORSTOM).
Holdings
Withdrawn status Lost status Damaged status Not for loan Location (home branch) Sublocation or collection (holding branch) Date acquired Koha issues (times borrowed) Koha full call number Koha date last seen Copy number Price effective from Koha item type Public note
        Bibliothèque-Centre de Documentation de la Faculté des Sciences Agronomiques Bibliothèque-Centre de Documentation de la Faculté des Sciences Agronomiques     U.0061 28/02/2009 1 28/02/2009 Livre A.6210


© 2008, Bibliothèques de l'Université d'Abomey-Calavi

04 BP 789 Cotonou, Tél. : +229 21 36 01 01, Fax : +229 21 35 06 32

Courriel : bu@bu.uac.bj